000 01295nam a2200349 c 4500
003 BLK
005 20241019111008.0
008 180411b bul|||||r ||||||| ||bul||
010 _aKNG00208686000
020 _a978-619-220-035-0
_bиздат.: Lexicon
040 _aBLK
041 _aBUL
_cBUL
072 7 _2bullib
_aН84
_xБългарска художествена литература Н
080 _aБългарска литература
_b821.163.2
_x-31
_z821.163.2-31
100 1 _aИлиев, Андрея Илиев
_eпърви автор
_9279143
139 _aИлиев, Андрея Илиев
_bИ 52
245 1 0 _aСбогом, Агата Кристи
_bРоман
_cАндрея Илиев Илиев.
257 _aBGR
260 София
_bLexicon
_c2017
_fСофия : Артлайн студиос
300 _a260 с.
_c22 см
380 _aX
490 1 _aСъвременна българска проза
500 _aНяколко думи за автора.
653 _aромани
659 _aН
852 _aЦб 286291
856 4 _qpdf
_u
856 4 _qpdf
_u
942 _cKNG
_n0
_011
944 _aCR
_c28.06.2017
_lМоника Янева
_k30570
944 _aED
_c15.11.2017
_lф /
_kПенка_Димитрова
999 _c199309
_d199309